El Subdesarrollo: otros puntos de vista /
sin resumen
Сохранить в:
| Главный автор: | |
|---|---|
| Другие авторы: | |
| Формат: | Текст |
| Метки: |
Добавить метку
Нет меток, Требуется 1-ая метка записи!
|
MARC
| LEADER | 00000 a a2200000 04500 | ||
|---|---|---|---|
| 001 | 5413 | ||
| 003 | |||
| 040 | |||
| 100 | |a García Fernández, Francisco | ||
| 245 | |a El Subdesarrollo: otros puntos de vista / |c Francisco García Fernández | ||
| 520 | |a sin resumen | ||
| 700 | |a Vallejo Anido, Armando | ||
| 773 | |g volumen 116, número 3; páginas 56-65 | ||
| 999 | |c 20336 |d 20336 | ||
| 773 | 0 | |0 43065 |9 4871 |a Universidad de La Habana. |d La Habana, Cuba, Universidad de La Habana. Facultad de Economía, 1970- |o MFN: 1239 |t Economía y Desarrollo / |x 02528584 | |
